000 00402nam a22001697a 4500
003 OSt
005 20220209162725.0
008 220209b |||||||| |||| 00| 0 eng d
020 _a070391181
040 _cH U
082 _a658.4
100 _aLUTHANS ,FRED
_930032
245 _aFREDLUTHANS ORGANIZATIONAL BEHAVIOR
260 _aAMERICA
_bMcGRAW HILL
_c19
300 _a562
942 _2ddc
_cBOOKS
_n0
999 _c29748
_d29748